Historia económica-temática de Colombia : (Registro nro. 5569)

Detalles MARC
000 -LEADER
fixed length control field 01623nam a2200301Ia 4500
003 - CONTROL NUMBER IDENTIFIER
control field OSt
005 - DATE AND TIME OF LATEST TRANSACTION
control field 20200527134740.0
008 - FIXED-LENGTH DATA ELEMENTS--GENERAL INFORMATION
fixed length control field 191128s2012 ck gr 000 0dspa d
020 ## - INTERNATIONAL STANDARD BOOK NUMBER
International Standard Book Number 9789585704213
040 ## - CATALOGING SOURCE
Original cataloging agency CO-JMCR
Transcribing agency CO-JMCR
041 0# - LANGUAGE CODE
Language code of text/sound track or separate title spa
082 04 - DEWEY DECIMAL CLASSIFICATION NUMBER
Classification number 330.09861 /
Item number C617h
Edition number 23
100 1# - MAIN ENTRY--PERSONAL NAME
Personal name Clavijo, Sergio,
Relator term autor
9 (RLIN) 4751
245 10 - TITLE STATEMENT
Title Historia económica-temática de Colombia :
Remainder of title según revista Ensayos sobre política económica del Banco de la República, 1982-2010 /
Statement of responsibility, etc. Sergio Clavijo, Alejandro Vera, Carlos Ignacio Rojas [y otros]
260 ## - PUBLICATION, DISTRIBUTION, ETC.
Place of publication, distribution, etc. Bogotá :
Name of publisher, distributor, etc. Asociación Nacional de Instituciones Financieras - Anif,
Date of publication, distribution, etc. 2012
300 ## - PHYSICAL DESCRIPTION
Extent 84 páginas ;
Dimensions 21 cm.
500 ## - GENERAL NOTE
General note Incluye datos biográficos de los autores en la solapa.
504 ## - BIBLIOGRAPHY, ETC. NOTE
Bibliography, etc. note Bibliografía: páginas 73-84.
505 ## - FORMATTED CONTENTS NOTE
Formatted contents note Breve historia del nacimiento de "ensayos sobre política económica" (Espe) -- Épocas económicas a través de Espe -- Historia económica-temática a través de Espe (1982-2010) -- Desafíos para las nuevas generaciones
520 ## - SUMMARY, ETC.
Summary, etc. Este escrito revisa la evolución del debate económico temático en la Colombia moderna (1980-2010) a través de "clasificar" y ordenar analíticamente lo publicado en la revista Ensayos sobre Política Económica del Banco de la República.
650 14 - SUBJECT ADDED ENTRY--TOPICAL TERM
Topical term or geographic name entry element Política Económica
Chronological subdivision 1982-2010
Geographic subdivision Colombia
9 (RLIN) 4752
650 24 - SUBJECT ADDED ENTRY--TOPICAL TERM
Topical term or geographic name entry element Historia económica
Chronological subdivision 1982-2010
Geographic subdivision Colombia
9 (RLIN) 4753
650 24 - SUBJECT ADDED ENTRY--TOPICAL TERM
Topical term or geographic name entry element Desarrollo económico
Chronological subdivision 1982-2010
Geographic subdivision Colombia
9 (RLIN) 4754
700 1# - ADDED ENTRY--PERSONAL NAME
Personal name Vera, Alejandro,
Relator term autor
9 (RLIN) 4755
700 1# - ADDED ENTRY--PERSONAL NAME
Personal name Rojas, Carlos Ignacio,
Relator term autor
9 (RLIN) 4756
799 ## - LOCAL ADDED ENTRY--UNIFORM TITLE (RLIN)
Uniform title r
942 ## - ADDED ENTRY ELEMENTS (KOHA)
Source of classification or shelving scheme Dewey Decimal Classification
Koha item type Books
Existencias
Withdrawn status Lost status Source of classification or shelving scheme Materials specified (bound volume or other part) Damaged status Not for loan Home library Current library Shelving location Date acquired Source of acquisition Cost, normal purchase price Total Checkouts Full call number Barcode Date last seen Copy number Price effective from Koha item type
    Dewey Decimal Classification Donación--15/04/2018--     Biblioteca Pública José María del Castillo y Rada Biblioteca Pública José María del Castillo y Rada General Stacks 11/28/2019 Donación 0.00   330.0986 / C617h 430002230 05/16/2024 Ej.1 11/28/2019 Books